000 00933nam a22002297a 4500
999 _c7205
_d7205
003 AR-CdUCM
008 190319b ||||| |||| 00| 0 eng d
040 _aMUNICIPALIDAD PROVINCIAL DEL CUSCO
_cBIBLIOTECA MUNICIPAL DEL CUSCO
082 _a709 /
_bP56
100 _aGutiérrez, Fernando G.
_920308
245 _aSumma Artis, Historia general del arte :
_bEl arte del Japón /
260 _aMadrid
_bEspasa-Calpe, S.A.,
_c1967.
300 _a567 páginas ;
_bIlustraciones en color y b/n.
_c27 cm.
500 _aDañado por humedad
505 _aContenido : Arte pre-budista -- La llegada el budismo -- Apogeo del arte budista en el Japón -- Personalidad de la cultura japonesa -- La época de las grandes transformaciones en la política en el arte...
650 _aHistoria del Arte
_91647
650 _aPintura
_93081
650 _aArte Japones
_920309
650 _aJapón
_98219
942 _2ddc
_cLIBROS
945 _admma